| 000 | 00443nam a2200169Ia 4500 | ||
|---|---|---|---|
| 005 | 20241223110152.0 | ||
| 008 | 231217s9999 xx 000 0 und d | ||
| 020 | _a9788131713884 | ||
| 082 | _a007.117 BEN;2 R | ||
| 100 | _aBennett, Stuart. | ||
| 245 | 0 | _aReal-time computer control : an introduction | |
| 250 | _a2nd ed | ||
| 260 |
_c1994 _bPearson _aNew Delhi |
||
| 300 | _a431 | ||
| 650 | _aReal-time,computer,control | ||
| 942 | _cAA | ||
| 999 |
_c183904 _d183904 |
||